Statistics for Question you probably never heard before

Click here to take the quiz!

General Stats

  • This quiz has been taken 37 times
    (8 since last reset)
  • The average score is 4 of 10

Answer Stats

HintAnswer% Correct
Do immortal jellyfish existYes
83%
Do men or women have a higher chance of getting hit by lightningMen
67%
How long does it take for a sloth to digest there food2 weeks
50%
What land mammal has the largest eyesHorse
50%
This country was bombed the mostLaos
50%
What is the cookie monsters real nameSid
33%
Who created our flaga high school student who got a B on making it
17%
What did the word Macaroni mean back thenFashionable Man
17%
What couple existed in real lifeMicky and Minnie
17%
What are the two best Air forcesThe U.S. Air force and The U.S. Navy
0%

Score Distribution

Percentile by Number Answered

Percent of People with Each Score

Your Score History

You have not taken this quiz since the last reset